| 000 | 00896nas a2200301 4500 | ||
|---|---|---|---|
| 001 | BR0103423 | ||
| 003 | BR-BrBNA | ||
| 005 | 20231205102339.0 | ||
| 007 | ta | ||
| 008 | 230509b bl.|||p| |||| 00| 00por d | ||
| 040 |
_aBR-BrBNA _bpor _cBiblioteca Nacional de Agricultura |
||
| 041 | _a(Pt) | ||
| 072 | _aF01; P40 | ||
| 100 | 1 | _aAraujo, A.E. de | |
| 100 | 1 | _aAmorim Neto, M. da S. | |
| 100 | 1 | _aBeltrao, N.E. de M. | |
| 245 | 1 | _aMunicipios aptos e epocas de plantio para o cultivo da mamoeira no Estado da Paraiba | |
| 650 | _aMamona | ||
| 650 | _aSolo | ||
| 650 | _aPrecipitacao Pluvial | ||
| 650 | _aChuva | ||
| 650 | _aEpoca de Plantio | ||
| 650 | _aAltitude | ||
| 650 | _aParaiba | ||
| 773 | 0 |
_tRevista de Oleaginosas e Fibrosas (Brazil) _xISSN 1415-6784 _g(May-Aug 2000), v. 4(2) p. 103-110 _wBR0103423 |
|
| 909 |
_a202311 _bLúcia _c55 _dLúcia Elande |
||
| 942 |
_2AGRIS _n0 _cANA |
||
| 999 |
_c167099 _d167099 |
||